00234pam a2200097a 44500008004100000041000800041100001900049245002200068260003800090300000800128230405s2017 xxu||||| |||| 00| 0 eng d aENG aLeonard Schiff aQuantum Mechanics aNew DelhibMcGraw Hill Edu.c2017 a546